LEADER 01212nam a2200325 i 4500 001 991000886459707536 005 20020507102758.0 008 951121s1978 de ||| | eng 020 $a354008617X 035 $ab10143506-39ule_inst 035 $aLE00638580$9ExL 040 $aDip.to Fisica$bita 084 $a53.0.62 084 $a53.0.64 084 $a621.36 084 $aTA.1522.K.56 100 1 $aKingston, Robert Hildreth$0461622 245 10$aDetection of optical and infrared radiation /$cR.H. Kingston 260 $aBerlin :$bSpringer-Verlag,$c1978 300 $aviii, 140 p. ;$c24 cm. 490 0 $aSpringer series in optical sciences ;$v10 500 $aIncludes bibliographical references and index. 650 4$aInfra-red detectors 907 $a.b10143506$b17-02-17$c27-06-02 912 $a991000886459707536 945 $aLE006 53.0.64 KIN$g1$i2006000008112$lle006$o-$pE0.00$q-$rl$s- $t0$u0$v0$w0$x0$y.i10170571$z27-06-02 945 $aLE006 53.0.64 KIN$g2$i2006000010030$lle006$o-$pE0.00$q-$rl$s- $t0$u0$v0$w0$x0$y.i10170583$z27-06-02 996 $aDetection of optical and infrared radiation$9186939 997 $aUNISALENTO 998 $ale006$b01-01-95$cm$da $e-$feng$gde $h0$i2